Top 10 Oldest Island Nations - Statistics

General Stats
  • This quiz has been taken 60 times
    43 since last reset
  • The average score is 8 of 10
Answer Stats
Year Country % Correct
c. 400 Japan
100%
1707 United Kingdom
95%
1902 Cuba
87%
1804 Haiti
87%
1946 Philippines
87%
1874 Dominican Republic
82%
1922 Ireland
82%
1907 New Zealand
82%
1918 Iceland
76%
1912 Taiwan
68%
No matching quizzes found
Score Distribution
Percent of People with Each Score
Percentile by Number Answered
Your Score History
You have not taken this quiz since the last reset